000 01544nam a2200289Ia 4500
999 _c54936
_d54936
001 22007
003 GE_BSU
005 20220926112620.0
008 181216s2006||||ge |||||||||||||| ||geo||
020 _a9994084038
040 _cGE_BSU
041 _ageo
080 _a821.161.1.09 ნ-29
245 _aნარკვევები მე-20 საუკუნის რუსული ლიტერატურის ისტორიიდან ნაწ. 1 /
_cავტ. : მ. მიქაძე, რ. პრილიპკო, დ. დიდებულიძე, ც. ხახანაშვილი ; მზია მიქაძის რედაქტორობით.
264 _aთბილისი :
_bპეტიტი,
_c2006.
300 _a215 გვ. ;
_c21 სმ.
541 _h7ლ.
653 _aნარკვევები მე-20 საუკუნის რუსული ლიტერატურის ისტორიიდან
653 _aრუსული ლიტერატურა
653 _aრუსული ლიტერატურის ისტორია
700 _aმიქაძე, მ.
_eავტორი
_914776
700 _aპრილიპკო, რ.
_eავტორი
_914777
700 _aდიდებულიძე, დ.
_eავტორი
_914778
700 _aხახანაშვილი, ც.
_eავტორი
_914779
700 _aმიქაძე, დ.
_eრედაქტორი
_914780
942 _cBK
_2udc